000 00915nab a2200253 i 4500
001 180771
003 ES-MaACL
005 20250827063231.0
008 120711s1913 sp 000 0 spa d
080 _a930.85(82)
100 1 _aMéndez Calzada, Luis,
_d1888-1945
_eaut
_980144
245 1 3 _aLa cultura en la República Argentina /
_cpor Luis Méndez Calzada
300 _aPáginas 19-38
594 _aPrecede al título: Conferencias del Ateneo de Madrid, 1913
599 _aRetrato del autor en portada
610 2 4 _aAteneo de Madrid-
_vConferencias-
_y1900-1939
_91907
651 7 _aArgentina-
_xCivilización
_9147957
651 4 _aArgentina-
_xCultura
_9242077
655 0 _aConferencias
_9234444
773 0 _tLa Palabra : revista taquigráfica,
_xISSN 2479-7723
_gN. 6 (15 marzo 1913), p. 19-38
_02879
_w2879
_92987
942 _cANAB
_2udc
_n0
999 _c180771
_d180771